000 00650nam a22001577a 4500
008 170308b xxu||||| |||| 00| 0 eng d
082 _22016
_aUT 0724
_bP19
100 _919128
_aPan, Mia Cristialen D.
245 _aStudents Exposure To The English Language And The Grammatical Competence of the Grade 10 Students in Digos City National High School.
_cMia Cristialen D. Pan, Hanah R. Mocoy and Kristal Marollano.
300 _a65 pages;
_b28 cm.
650 0 _919129
_aEducation
_vEnglish
_xUndergraduate Thesis.
700 _919130
_aPan, Mia Cristialen D.
700 _919131
_aMocoy, Hanah R.
700 _919132
_aMarollano, Kristal.
942 _2ddc
_cUT
999 _c6362
_d6362